000 00817nam a2200253 a 4500
001 43582
003 BD-RjUL
005 20211209053723.0
008 160625s1951 enka 001 0 eng
035 _a(BD-RjUL)43700
040 _aDLC
_cCarP
_dDLC
_dBD-RjUL
_beng
041 _aeng
082 _a651.74
_bSHM 1951
100 1 0 _aShawcross, Walter
_9133896
245 1 0 _aManual of commercial English, including composition and précis writing /
_cby Walter Shawcross
260 _aLondon :
_bSir I. Pitman & sons,
_c1951
300 _avi, 266 p. :
_c20 cm.
_bill. ;
500 _aIncludes index
650 0 _aCommercial correspondence.
_9133897
650 0 _aEnglish language
_xBusiness English.
_9119759
650 0 _aReports
_xPreparation. [from old catalog]
_9133898
942 _2ddc
_cBK
999 _c43582
_d43582